| 000 | 00503nam a2200145 i 4500 | ||
|---|---|---|---|
| 001 | 47125 | ||
| 003 | ES-MaACL | ||
| 005 | 20230906161516.0 | ||
| 007 | t| | ||
| 008 | 030403q1942 sp ||||1| spa d | ||
| 245 | 0 | 0 | _aContribución sobre las utilidades de la riqueza mobiliaria con todas las modificaciones introducidas por la Ley de Reforma Tributaria. |
| 260 |
_aBarcelona : _bSociedad Fiduciaria Barcelonesa, _c[1942?] ( _fYuste) |
||
| 300 |
_a186 p. ; _c17 cm. |
||
| 852 |
_aES-MaACL _jC-4433 _bR.24190 |
||
| 999 |
_c47125 _d47125 |
||